000 00417cam a2200181ua 4500
020 _c1.50
041 _amal
_h
082 _a894.8121
_bSAN/MU
100 _aSankaraKurup, G.
245 _aMuthukal /
_cG Sankara Kurup.
_hTextual Documents
250 _a1 /
_b.
260 _aThrissur :
_bCurrent Books ,
_c1965.
300 _a86 ; .
365 _a1.50
504 _a
942 _cBK
999 _c6591
_d6591